Statystyki dla 100 najpopularniejszych emotek z 7TV

Kliknij tutaj aby rozwiązać quiz!

Ogólne statystyki

  • Ten quiz został rozwiązany 6 razy
  • Średni wynik to 21 z 99

Statystyki odpowiedzi

EmotkaLiczba kanałów% Poprawnych
D:47.4k
67%
ok50.3k
67%
OMEGALUL110.9k
67%
xdd79.8k
67%
BOOBA140.2k
50%
Dance39.2k
50%
donowall99.2k
50%
GIGACHAD180.3k
50%
lebronJAM74.5k
50%
Madge101.9k
50%
Nerd33.0k
50%
peepoHey102.5k
50%
Pog75.9k
50%
POGGERS53.4k
50%
POGGIES85.6k
50%
PogU60.8k
50%
Aware90.2k
33%
Bedge115.7k
33%
catJam34.9k
33%
classic42.0k
33%
Clueless94.5k
33%
COPIUM125.9k
33%
DIESOFCRINGE98.1k
33%
Hmm92.9k
33%
HUH56.0k
33%
HUH57.9k
33%
HYPERS32.9k
33%
LETSGO84.2k
33%
monkaW73.4k
33%
NODDERS113.7k
33%
NOOOO139.4k
33%
peepoBye65.2k
33%
peepoShy128.4k
33%
pepeJAM90.8k
33%
POLICE30.8k
33%
Prayge118.7k
33%
SNIFFA65.4k
33%
SUSSY105.0k
33%
uuh29.4k
33%
YEP84.3k
33%
5Head60.0k
17%
AINTNOWAY70.2k
17%
AlienPls37.5k
17%
Awkward34.2k
17%
BUSSERS30.6k
17%
duckPls29.0k
17%
EZ43.2k
17%
Jigglin33.6k
17%
Listening32.2k
17%
MLADY47.7k
17%
monkaSTEER65.6k
17%
MONKE64.5k
17%
muted83.5k
17%
NOWAYING40.8k
17%
o730.6k
17%
peepoClap90.1k
17%
peepoFAT53.9k
17%
peepoGiggles84.6k
17%
peepoSmash29.8k
17%
peepoTalk57.2k
17%
Pepega57.8k
17%
ratJAM91.0k
17%
TrollDespair54.9k
17%
TRUEING29.3k
17%
widepeepoHappy31.9k
17%
xdding34.9k
17%
AlienPls339.9k
0%
BLANKIES49.2k
0%
borpaSpin39.6k
0%
Chatting52.4k
0%
COCKA40.0k
0%
FLASHBANG36.8k
0%
HACKERMANS58.9k
0%
ICANT44.6k
0%
Kissahomie35.4k
0%
kok38.9k
0%
LETHIMCOOK44.8k
0%
OOOO57.7k
0%
peepoChat56.1k
0%
peepoDJ91.2k
0%
PeepoFinger53.4k
0%
peepoRiot60.6k
0%
peepoRun50.1k
0%
peepoVanish35.7k
0%
pepeD57.0k
0%
PepegaAim76.2k
0%
PepeLaugh68.0k
0%
PepoG35.9k
0%
PETTHEMODS73.2k
0%
PETTHESTREAMER37.7k
0%
RAGEY61.5k
0%
RIPBOZO47.8k
0%
SadgeCry65.9k
0%
sadKEK37.4k
0%
SCAMMED51.1k
0%
THIS48.7k
0%
VIBE47.7k
0%
WHAT42.1k
0%
WhoAsked36.3k
0%

Rozkład punktacji

Percentyl według liczby udzielonych odpowiedzi

Procent ludzi z każdym wynikiem

Twoja historia wyników

Nie rozwiązałeś tego quizu